[Event "Sarajevo Galijatovic Memorial"]
[Site "Sarajevo"]
[Date "2018.02.22"]
[Round "4"]
[White "Hasanovic, Jakub"]
[Black "Hadzovic, Amir"]
[Result "0-1"]
[WhiteElo "1834"]
[BlackElo "2281"]
[PlyCount "68"]
[EventDate "2018.02.19"]
[EventType "swiss"]
[EventRounds "7"]
[EventCountry "BIH"]
[SourceTitle "CBM 183 Extra"]
[Source "ChessBase"]
[SourceDate "2018.04.19"]
[SourceVersion "1"]
[SourceVersionDate "2018.04.19"]
[SourceQuality "1"]

1. Nf3 Nf6 2. Nc3 g6 3. g3 Bg7 4. Bg2 d6 5. d4 c6 6. e4 0-0 7. h3 b5 8. a3 Qb6 9. 0-0 a5 10. Be3 Na6 11. Nd2 Bb7 12. Ne2 Nd7 13. c3 Qd8 14. f4 e5 15. f5 Nc7 16. g4 h6 17. Ng3 d5 18. Nf3 dxe4 19. Nxe4 Nd5 20. Bd2 exd4 21. cxd4 Qb6 22. Kh2 Rae8 23. Re1 Qc7+ 24. Kh1 Nf4 25. Ne5 Nxg2 26. Kxg2 c5 27. Qe2 Nxe5 28. Bf4 Qd7 29. dxe5 gxf5 30. Rad1 Qc8 31. gxf5 Qxf5 32. Kg3 Bxe5 33. Nf6+ Qxf6 34. Bxe5 Rxe5 0-1